000 01033nam a22003257a 4500
003 CHAP
005 20220329133302.0
008 971013s1990 r 00010 d
010 _a4303
011 _a5275
035 _a4482
040 _cCHAP
090 _aFolleto 13323
100 0 0 _aScott, H. D.
_9103383
245 _aEffects of winter cover crops on yield of cotton and soil properties
260 _aFayeteville, Arkansas :
_bArkansas Agricultural Experiment Station,
_c1990
300 _a21 p
490 _aBulletin
_v; 924
590 _aBATCH-UPD
_b10
_c20130110
_lUCH01
_h1153
590 _aBATCH-UPD
_b10
_c20130410
_lUCH01
_h0736
590 _aBATCH-UPD
_b10
_c20130914
_lUCH01
_h0105
590 _aCONVERSION
_b10
_c20130109
_lUCH01
_h1304
650 1 4 _aAlgodon
_xEfecto del medio ambiente.
_94001
650 1 4 _aAlgodón
_xRendimiento.
_94053
650 1 4 _aCultivos de cobertura.
_930371
830 0 _aBulletin
_v; 924
_916039
901 _aBK
942 _cFOLL
949 _aFolleto 13323
_bBC
_cFOLL
_d-14028
_eTS1
_i4482
_si
999 _c4303
_d4303